Les 20 villes les plus peuplées d'Indre-et-Loire (37) - Statistiques

Statistiques générales
  • Ce quiz a été pris 75 fois
  • Le résultat moyen est 12 sur 20
Statistiques - réponses
HINT HINT ANSWER % Correct
138 668 T Tours
100%
38 432 J Joué-lès-Tours
93%
13 132 A Amboise
82%
16 766 S Saint-Cyr-sur-Loire
82%
8 121 C Chinon
80%
15 698 S Saint-Pierre-des-Corps
77%
15 075 S Saint-Avertin
73%
11 877 C Chambray-lès-Tours
72%
6 233 L Loches
72%
10 349 L La Riche
65%
10 917 F Fondettes
57%
11 261 M Montlouis-sur-Loire
48%
8 031 M Monts
43%
4 839 M Montbazon
40%
8 347 B Ballan-Miré
38%
5 575 L La Ville-aux-Dames
37%
5 340 B Bléré
33%
6 264 E Esvres
30%
5 081 L Luynes
27%
6 734 V Veigné
27%
Aucun quiz correspondant
Distribution des résultats
% des personnes avec chaque résultat
Percentile par nombre de réponses
Votre historique - résultats
Vous n’avez pas pris ce quiz